000 00882nam a2200241Ia 4500
003 OSt
005 20220923214929.0
006 a|||||r|||| 00| 0
007 ta
008 220922b |||||||| |||| 00| 0 hin d
024 _a173,875
037 _cTextual
040 _aARTS
_cARTS
_bhin
041 _2hin
_ahin
082 _aZ(M143).2, 152M8
100 _aशर्मा, सुरेन्द्रनाथ; प्रभाकर, डॉ. मनोहर
_9163516
245 0 _aभारत में प्रेस विधि
246 _aBhārat mean pres vidhi
260 _aजयपुर
_b गतिमान प्रकाशन
_c1988
300 _a226पृ.
_ccm.
942 _hZ(M143).2, 152M8
_cTEXL
_2CC
999 _c327739
_d327739